000 00845na a2200253 4500
001 13801
003 MIRAKIL
005 20181213154844.0
008 161004b tu 000 0
020 _a9786056066320
035 _a13801
040 _aMilas
_btur
_cTR-AnCHP
041 _atur
082 _a923.7 Apaydın,T.
_bT24 2009
090 _a923.7 Apaydın,T. T24 2009
245 _aTalip Apaydın'a armağan
_bYKKED 2009 Mustafa Necati öğretmenlik onur ödülü
_cyayına hazırlayan Kemal Kocabaş
260 _aİzmir
_bYeni Kuşak Köy Enstitülüler Derneği Yayınları
_c2009
300 _a254 s.
_bfotğ.
_c24 sm.
600 _aApaydın, Talip
_d1926-2014
_xYaşamöyküsü
650 _aÖğretmenler
_xYaşamöyküsü
_zTürkiye
650 _aKöy Enstitülüleri
_xTarih
700 _aKocabaş, Kemal
942 _2dcc
_cBKS
999 _c2072
_d2072